Campeões da Champions - Statistics

Estatísticas Gerais
  • Esse quiz foi jogado 86 vezes
  • A pontuação média é 10 de 24
Estatísticas das Respostas
Hint Resposta % Correto
15 Real Madrid
100%
5 Barcelona
92%
7 Milan
90%
6 Liverpool
85%
3 Inter
59%
2 Juventus
58%
2 Chelsea
56%
4 Ajax
51%
2 Benfica
47%
2 Porto
46%
1 PSG
42%
6 Bayern Munique
36%
2 Nottingham Forest
32%
1 Aston Villa
29%
1 PSV
25%
1 Dortmund
22%
1 Celtic
17%
1 Hamburgo
17%
1 Steaua bucareste
17%
1 Man city
15%
1 Estrela Vermelha
14%
1 Feyenoord
12%
1 Marselha
10%
3 Man utd
8%
Nenhum quiz correspondente encontrado
Distribuição das Pontuações
Porcentagem de Pessoas com Cada Pontuação
Percentil de Números Respondidos
Sua Pontuação Histórica
Você não jogou esse quiz